000
00411nam a2200157Ia 4500
008
110201s9999 xx 000 0 und d
082
_b
B1335
_a
K 1155
100
_a
देसाई रणजित
245
_a
बारी
365
_b
20
600
_a
देसाई रणजित
630
_a
बारी
700
_a
देसाई रणजित
730
_a
बारी
942
_c
BOOK
999
_c
828609
_d
828606